| 000 | 00533nam a2200169 a 4500 | ||
|---|---|---|---|
| 008 | 120416s1969 ||||||||||||||||| || u | ||
| 020 | _a0723210039 | ||
| 050 | _aPE 1660 PAY | ||
| 100 | _aPayton, Geoffrey | ||
| 245 | 1 | 0 | _aPayton's proper names |
| 260 |
_aLondon _bFrederick Warne _c1969 |
||
| 300 | _aviii, 502p. | ||
| 350 | _a0.00 | ||
| 650 | _aNames - Dictionaries | ||
| 650 | _aDICTIONARIES | ||
| 995 |
_D0.00 _FCBU-MAIN LIBRARY (Kitwe) _H1 _I7.95 _M1 _UREFERENCE _ZReference Collection |
||
| 999 |
_c53237 _d53237 |
||